[Event "Corus-B"]
[Site "Wijk aan Zee"]
[Date "2004.01.23"]
[Round "11"]
[White "Stellwagen, Daniel"]
[Black "Fressinet, Laurent"]
[Result "1-0"]
[WhiteElo "2489"]
[BlackElo "2636"]
[Annotator "Wedberg,T"]
[PlyCount "59"]
[EventDate "2004.01.10"]
[EventType "tourn"]
[EventRounds "13"]
[EventCountry "NED"]
[EventCategory "13"]
[SourceTitle "CBM 099"]
[Source "ChessBase"]
[SourceDate "2004.03.30"]
[SourceVersion "1"]
[SourceVersionDate "2004.03.30"]
[SourceQuality "1"]

1. e4 e5 2. Nf3 Nc6 3. Bb5 a6 4. Ba4 Nf6 5. O-O Be7 6. Re1 b5 7. Bb3 d6 8. c3
O-O 9. h3 Na5 10. Bc2 c5 11. d4 Nd7 12. Nbd2 exd4 13. cxd4 Nc6 14. d5 Nce5 15.
Nh2 $5 {Currently this is the way to battle the Graf variation. Just like in
the Benoni White tries to avoid exchanges. Black has less space and his pieces
easily get in each others way.} Ng6 (15... g5 {[%csl Rf5][%cal Yd2f1,Yf1g3,
Yg3f5,Yh2g4,Yg4e3,Ye3f5] has been tried and it protects Ne5 from expulsion by
f4, but the weakening of f5 is a long term problem for Black.}) 16. g3 {
Taking squares from the black minor pieces and preparing to expand with f4 or
h4.} (16. Ndf1 Bg5 17. Ne3 Nde5 18. Nf5 Bxc1 19. Qxc1 Ne7 20. f4 Nxf5 21. fxe5
Nd4 $13 {1/2-1/2 Anagnostopoulos,D-Skembris,S/Athens 1996/CBM 55 ext (50)})
16... Nf6 17. h4 Ne5 {Black is struggling to find squares for all his minor
pieces.} 18. Ndf3 (18. Ndf1 h5 19. Bf4 Nfg4 $13 {1/2-1/2 Ponomariov,R-Adams,M/
Cap d'Agde 2003/CBM 98 no vc (29)}) 18... Neg4 (18... Nxf3+ 19. Qxf3 Re8 20. h5
$36) 19. a4 Rb8 (19... b4 $5) 20. axb5 axb5 21. b4 $5 Nxh2 22. Nxh2 Nd7 23. Ng4
cxb4 24. Bb2 b3 25. Bb1 $5 (25. Bxb3 {is perfectly playable, but Stellwagen
does not want to lose sight of h7.}) 25... Nc5 $6 {Wrong side of the board.} (
25... Nf6 $142) 26. e5 $1 {The guns are loaded.} Rb6 $2 (26... dxe5 27. Nxe5
$16 {[%cal Ye5c6]}) (26... Re8 $142) 27. Nf6+ $1 $18 {[%mdl 128]} Bxf6 (27...
gxf6 28. exf6 Bxf6 29. Qh5 $18) 28. exf6 g6 29. Qd2 Nd7 30. Re7 1-0

[Event "Groningen"]
[Site "Groningen"]
[Date "1995.??.??"]
[Round "6"]
[White "Almasi, Zoltan"]
[Black "Piket, Jeroen"]
[Result "1-0"]
[WhiteElo "2630"]
[BlackElo "2625"]
[Annotator "Wedberg,T"]
[PlyCount "125"]
[EventDate "1995.12.??"]
[EventType "tourn"]
[EventRounds "11"]
[EventCountry "NED"]
[EventCategory "17"]
[SourceTitle "CBM 051"]
[Source "ChessBase"]
[SourceDate "1996.04.01"]
[SourceVersion "1"]
[SourceVersionDate "1996.04.01"]
[SourceQuality "1"]

1. e4 e5 2. Nf3 Nc6 3. Bb5 a6 4. Ba4 Nf6 5. O-O Be7 6. Re1 b5 7. Bb3 d6 8. c3
O-O 9. h3 Na5 10. Bc2 c5 11. d4 Nd7 12. Nbd2 cxd4 13. cxd4 Nc6 14. Nb3 Nb6 (
14... a5 15. Bd3 Ba6 16. d5 Nb4 17. Bb1 a4 18. Nbd4 exd4 19. a3 Nd3 20. Bxd3
Bf6 21. Bd2 $14 {Morovic Fernandez,I-Ziatdinov,R/New York op/1995}) (14... Bf6
15. d5 Na5 16. Nbd2 Nb6 17. Nf1 Bd7 18. b3 Nb7 19. Ng3 g6 20. Bh6 Bg7 21. Bxg7
Kxg7 22. b4 $14 {Khalifman,A-Gschnitzer,O/BL 9293/1993}) 15. d5 Na7 16. Na5 Bd7
17. Bd2 Rc8 18. b3 f5 19. Bb4 f4 20. Bd3 Rf6 21. Be2 {N. White plays for Nh2
and Bg4.} (21. Kf1 Qe8 22. Nd2 Rh6 23. Rc1 Qg6 $13 {Renet,O-Piket,J/Cannes 60'/
1992}) 21... Rg6 22. Kh1 Na8 23. Rc1 Rxc1 24. Qxc1 Qb6 25. Rf1 Nc7 26. Qd2 Bd8
27. Nh2 Ne8 28. Bh5 Rf6 29. Rc1 Rf8 30. Bxe8 $5 {Softening d6.} Rxe8 31. Nf3 h5
32. Qc2 g5 33. Nc6 $16 Bxc6 34. dxc6 Nc8 35. c7 Bf6 36. Qd2 Kg7 37. Ba5 Qb7 38.
Qe2 Re7 39. Ne1 d5 40. exd5 Qxd5 41. Rd1 Qf7 42. Rd8 Rxc7 43. Bxc7 Qxc7 44. Rd1
Nd6 45. Qd3 Nf7 46. Qf5 Qc5 47. Kg1 Qb4 48. Nc2 Qe7 49. Rd7 Qe8 50. Nb4 $18 e4
51. Nd5 Qe5 52. Qxf6+ Qxf6 53. Nxf6 Kxf6 54. Ra7 Nd6 55. Rxa6 Ke5 56. a4 bxa4
57. bxa4 g4 58. hxg4 hxg4 59. a5 Kd5 60. Ra8 e3 61. fxe3 fxe3 62. Kf1 Kc6 63.
Ra6+ 1-0

[Event "EU-ch 4th"]
[Site "Istanbul"]
[Date "2003.06.03"]
[Round "5"]
[White "Kotronias, Vasilios"]
[Black "Graf, Alexander"]
[Result "1/2-1/2"]
[WhiteElo "2597"]
[BlackElo "2630"]
[Annotator "Wedberg,T"]
[PlyCount "62"]
[EventDate "2003.05.30"]
[EventType "swiss"]
[EventRounds "13"]
[EventCountry "TUR"]
[SourceTitle "CBM 096"]
[Source "ChessBase"]
[SourceDate "2003.09.25"]
[SourceVersion "1"]
[SourceVersionDate "2003.09.25"]
[SourceQuality "1"]

1. e4 e5 2. Nf3 Nc6 3. Bb5 a6 4. Ba4 Nf6 5. O-O Be7 6. Re1 b5 7. Bb3 d6 8. c3
O-O 9. h3 Na5 10. Bc2 c5 11. d4 Nd7 12. Nbd2 exd4 13. cxd4 Nc6 14. d5 Nce5 {
The Graf variation. Black has scored well with this approach - especially when
Graf is Black himself.} 15. a4 b4 (15... Rb8 16. b3 Bf6 17. Ra2 Nxf3+ 18. Nxf3
Ne5 19. Bf4 Qe7 $13 {1-0 Spangenberg,H-Slipak,S/Buenos Aires 2002/CBM 90 ext 
(44)}) 16. a5 g5 $5 {[%mdl 24] A surprising novelty! But if we compare with
the Benoni the idea of blocking f4 in this type of position is not unusual.} (
16... Ra7 17. Nxe5 Nxe5 18. f4 Ng6 19. Nc4 Bd7 20. Be3 Bb5 {has been played
twice by Graf.}) (16... Nxf3+ 17. Qxf3 Bf6 18. Qb3 Ne5 19. f4 Ng6 20. Nf3 Bh4
21. Rf1 $14 {1/2-1/2 Ulibin,M-Iuldachev,S/Kramatorsk 1989/EXT 97 (37)}) (16...
Bf6 17. Nh2 c4 18. f4 c3 19. bxc3 Ng6 20. e5 dxe5 21. f5 Ne7 22. Ne4 $14 {
1-0 Smirin,I-Iuldachev,S/Kramatorsk 1989/EXT 97 (33)}) (16... Ra7 17. Nxe5 Nxe5
18. f4 Ng6 19. Nc4 Bd7 20. Be3 Bb5 {has been played twice by Graf with good
results.}) (16... Nxf3+ 17. Qxf3 Bf6 18. Qb3 Ne5 19. f4 Ng6 20. Nf3 Bh4 21. Rf1
$14 {1/2-1/2 Ulibin,M-Iuldachev,S/Kramatorsk 1989/EXT 97 (37)}) 17. Nh2 Kh8 18.
Ndf1 Rg8 19. Ne3 Nf8 20. Nhg4 {[%cal Yg4h6,Yh6f5]} Nxg4 21. hxg4 Bf6 22. g3 Ng6
23. Kg2 Bd4 24. Nc4 Qf6 25. Be3 (25. Qf3 Qxf3+ 26. Kxf3 Ne5+ 27. Nxe5 dxe5 $15)
25... Bxb2 $1 26. Nxb2 Qxb2 27. Bxg5 f6 28. Rb1 Qe5 29. f4 Qe7 30. Bh6 Nh4+ $5
31. gxh4 Bxg4 $13 {There seems to be a lot of play left here, but neither
player dared to continue.} 1/2-1/2

[Event "Capablanca Memorial-A"]
[Site "Cuba"]
[Date "1993.??.??"]
[Round "10"]
[White "Magem Badals, Jordi"]
[Black "Howell, James C"]
[Result "1/2-1/2"]
[WhiteElo "2510"]
[BlackElo "2470"]
[Annotator "Wedberg,T"]
[PlyCount "69"]
[EventDate "1993.??.??"]
[EventType "tourn"]
[EventRounds "13"]
[EventCountry "CUB"]
[EventCategory "10"]
[SourceTitle "CBM 036"]
[Source "ChessBase"]
[SourceDate "1993.10.01"]
[SourceVersion "1"]
[SourceVersionDate "1993.10.01"]
[SourceQuality "1"]

1. e4 e5 2. Nf3 Nc6 3. Bb5 a6 4. Ba4 Nf6 5. O-O Be7 6. Re1 b5 7. Bb3 d6 8. c3
O-O 9. h3 Na5 10. Bc2 c5 11. d4 Re8 12. dxe5 dxe5 13. Nxe5 Bd6 14. Nf3 Bb7 15.
Nbd2 (15. e5 Bxf3 16. Qxf3 Rxe5 17. Rxe5 Bxe5 18. Nd2 Qe8 19. Ne4 Nxe4 20. Qxe4
g6 21. Be3 {+/= Jansa-Westerinen, Oslo 1988}) 15... Qc7 16. e5 $146 (16. b3
Rad8 17. Bb2 c4 18. Qe2 Bf4 19. Rad1 g6 {Ernst-Hebden, Malmö 1987/88} 20. bxc4
Nxc4 21. Nxc4 Rxd1 22. Rxd1 Qxc4 23. Qxc4 bxc4 24. Rd4 Bxe4 25. Rxc4 {+/- Ernst
}) 16... Bxe5 17. Nxe5 Rxe5 18. Rxe5 Qxe5 19. Nf3 Qc7 20. Bg5 Ne4 21. Bxe4 $10
Bxe4 22. Nd2 Bb7 23. Qg4 Qc6 24. Re1 h6 25. Bf4 Bc8 26. Qg3 Bf5 27. Re5 Bg6 28.
Be3 c4 29. Nf3 Qd7 30. Nd4 Nc6 31. Nxc6 Qxc6 32. Bd4 Re8 33. Rxe8+ Qxe8 34. Qe5
Qxe5 35. Bxe5 1/2-1/2

[Event "Karditsa"]
[Site "Karditsa"]
[Date "1996.??.??"]
[Round "3"]
[White "Kotronias, Vasilios"]
[Black "Graf, Alexander"]
[Result "1/2-1/2"]
[WhiteElo "2610"]
[BlackElo "2595"]
[Annotator "Wedberg,T"]
[PlyCount "93"]
[EventDate "1996.03.??"]
[EventType "tourn"]
[EventRounds "9"]
[EventCountry "GRE"]
[EventCategory "12"]
[SourceTitle "CBM 053"]
[Source "ChessBase"]
[SourceDate "1996.08.01"]
[SourceVersion "1"]
[SourceVersionDate "1996.08.01"]
[SourceQuality "1"]

1. e4 e5 2. Nf3 Nc6 3. Bb5 a6 4. Ba4 Nf6 5. O-O Be7 6. Re1 b5 7. Bb3 d6 8. c3
O-O 9. h3 Na5 10. Bc2 c5 11. d4 Nd7 12. Nbd2 exd4 13. cxd4 Nc6 14. dxc5 (14.
Nf1 cxd4 15. Nxd4 Nxd4 16. Qxd4 Ne5 17. f4 (17. Qd1 Bf6 18. Ng3 (18. Ne3 Be6
19. Nd5 Bxd5 20. Qxd5 Rc8 21. Bb3 Nc4 22. Rb1 Rc5 23. Qd3 d5 $10 {1/2-1/2
Kalegin,E-Podgaets,M/Alushta op 1993 (34)}) 18... Nc6 19. Bb3 Be6 20. Rb1 Be5
21. f4 Qh4 22. Ne2 Bd4+ 23. Nxd4 Nxd4 24. Be3 Nxb3 25. axb3 Rfe8 26. f5 Bc8 27.
Qxd6 Bb7 28. Bf2 Qg5 29. Qd3 Qf4 $10 {Akopian,V-Nenashev,A/Moscow Alekhine op
1992/0-1 (59)}) 17... Nc6 18. Qd1 Bf6 19. Ne3 Nd4 20. Bd3 Bb7 21. Ng4 Re8 22.
Be3 Ne6 23. Qd2 Bh4 24. Red1 Nc5 $17 {Yurtaev,L-Nenashev,A/URS-ch58 (09) 1991/
1/2-1/2 (51)}) 14... dxc5 15. e5 c4 16. b3 Nc5 $2 (16... c3 $5 17. Nf1 Nc5 $132
) 17. bxc4 Be6 18. Ba3 $5 (18. cxb5 axb5 19. a3 $14) 18... bxc4 19. Re3 Rb8 20.
Qe2 Nb4 21. Bxb4 Rxb4 22. a3 Rb7 23. Nxc4 $16 Rd7 24. Rc1 g6 25. Rc3 Bd5 26.
Ne3 Bb7 27. Ng4 Ne6 28. Be4 h5 $1 29. Nf6+ Bxf6 30. Bxb7 Rxb7 31. exf6 Qxf6 32.
Qxa6 Rb2 33. Rc8 (33. R3c2 $142 $16) 33... Rxc8 34. Qxc8+ Kg7 35. Qc3 Qxc3 36.
Rxc3 Rb1+ 37. Kh2 Rb2 38. Kg3 g5 $1 $132 39. h4 g4 40. Ne5 Nd4 41. Nd3 $10 (41.
Rc7 Kf6 42. Nxf7 Nf5+ 43. Kh2 Rxf2 44. Ng5 Ra2 $10) 41... Ne2+ 42. Kh2 Rd2 43.
Rb3 Nd4 44. Rc3 Ne2 45. Rb3 Nd4 46. Rc3 Ne2 47. Rb3 1/2-1/2

[Event "MK Cafe Cup-A"]
[Site "Koszalin"]
[Date "1999.08.05"]
[Round "3"]
[White "Pinski, Jan"]
[Black "Romanishin, Oleg M"]
[Result "0-1"]
[WhiteElo "2444"]
[BlackElo "2567"]
[Annotator "Wedberg,T"]
[PlyCount "68"]
[EventDate "1999.08.03"]
[EventType "swiss"]
[EventRounds "9"]
[EventCountry "POL"]
[SourceTitle "CBM 073"]
[Source "ChessBase"]
[SourceDate "1999.12.01"]
[SourceVersion "1"]
[SourceVersionDate "1999.12.01"]
[SourceQuality "1"]

1. e4 e5 2. Nf3 Nc6 3. Bb5 a6 4. Ba4 Nf6 5. O-O Be7 6. Re1 b5 7. Bb3 d6 8. c3
O-O 9. h3 Na5 10. Bc2 c5 11. d4 Nc6 12. d5 Na5 13. b3 {This is quite a typical
position in the closed Ruy Lopez. Black has less space and a N on a5 that has
problems finding a decent square. Usually this type of position is considered
to be slightly better for White. But with Romanishin as Black White will find
it difficult to reach an advantage. He knows these positions better than
anyone. This game is just another example.} Nb7 {A number of alternatives has
been tried. But remember it´s not the moves, but the ideas that are most
important in this type of slow position.} (13... Ne8 14. a4 Bd7 15. axb5 axb5
16. Be3 g6 17. Nbd2 Ng7 18. b4 cxb4 19. cxb4 Nc4 20. Nxc4 bxc4 $14 {with the
Q-side opened Black is again saddled with a misplaced N. 1-0 Psakhis,
L-Romanishin,O/Moscow 1986/MCL (35)}) (13... Bd7 14. Nbd2 (14. Nxe5 dxe5 15. d6
{is possible.}) 14... g6 (14... Nb7 15. Nf1 c4 16. b4 a5 17. N3h2 axb4 18. cxb4
Ne8 $132 {the a-file and protected passed P on c4 gives Black some
compensation for the lack of space. 0-1 Pinter,J-Ostojic,P/Kecskemet 1977/EXT
98 (54)}) (14... Ne8 15. Nf1 f5 16. exf5 Bxf5 17. Bxf5 Rxf5 18. Ng3 Rf7 19. Bd2
c4 20. b4 Nb7 21. a4 $16 {an almost ideal position for White. Pressure on the
a-file, good e4-square and a bad Nb7. 1/2-1/2 Westerinen,H-Sarapu,O/Buenos
Aires 1978/MCD (31)}) 15. Nf1 Nh5 16. Bh6 Re8 17. Qd2 Bf8 18. Bg5 Be7 {
Exchanges helps Black who has more pieces than space.} 19. Be3 Bf6 20. Rac1 c4
21. b4 Nb7 22. Ng3 Nxg3 23. fxg3 Be7 24. g4 {looks slightly better for White,
but 1/2-1/2 Psakhis,L-Romanishin,O/Erevan 1986/EXT 99 (24)}) (13... g6 14. a4 (
14. Bh6 Re8 15. a4 (15. Nbd2 Bf8 (15... Bd7 16. a4 Qc7 17. Qe2 Bf8 18. Be3 Nh5
19. axb5 Bxb5 20. Bd3 {1/2-1/2 Wahls,M-Romanishin,O/Tastrup 1992/CBM 28/[Ernst]
(20)}) 16. Bg5 h6 17. Be3 Bg7 18. b4 Nb7 19. a4 Bd7 20. Nf1 Qc7 21. Qd2 Kh7 22.
Ng3 Rec8 $132 {the c-file gives Black play. 1/2-1/2 Cabrilo,G-Romanishin,O/
Vrsac 1989/CBM 15 (53)}) 15... Bd7 16. axb5 axb5 17. Nbd2 Qc7 18. Nh2 Ra7 19.
Ndf1 Rea8 $11 {1/2-1/2 Psakhis,L-Romanishin,O/Tallinn 1987/EXT 97 (24)}) (14.
Nbd2 Nh5 15. b4 Nb7 16. a4 Bd7 17. Nf1 Qc7 18. Be3 Rfc8 $132 {the c-file play
gives Black counter chances. 1/2-1/2 Akopian,V-Romanishin,O/Erevan 1988/CBM 08
(32)}) 14... Bd7 15. axb5 axb5 16. Nxe5 $1 {an important trick to check for.}
dxe5 17. d6 Nh5 18. dxe7 Qxe7 19. Be3 Be6 20. Nd2 Nc6 21. Qe2 $14 {B:s are
better than N:s in open positions. 1-0 Benjamin,J-Romanishin,O/Moscow 1987/TD 
(49)}) 14. a4 {Richard Reti in his Masters of the Chessboard claims that the
move a4 in the Ruy Lopez is just a preparation for a K-side attack. In this
game White plays it as an attack on b5.} (14. Be3 a5 15. a4 b4 16. Nbd2 Ne8 17.
Nc4 g6 18. Bh6 Ng7 19. g4 Qc7 20. Kh2 f6 21. Rg1 $14 {1/2-1/2 Tukmakov,
V-Romanishin,O/Vilnius 1975/MCL (81)}) 14... Bd7 15. Na3 {No good square for
the N, but Pinski wants to put pressure on b5.} (15. Nbd2 {is a preferable way.
}) 15... Qc7 16. Be3 Rfb8 17. Nd2 Qa5 18. Ndb1 $6 {White´s setup doesn´t look
very effective.} (18. axb5 axb5 19. c4 $132) 18... g6 19. Qd2 Qd8 20. Ra2 Na5
21. b4 Nb7 22. axb5 $2 (22. a5 {with the idea of disentangling the Q-side
pieces was the right course.}) 22... axb5 23. Rb2 c4 $17 {[%csl Ra3,Rb1,Rb2]
White now has a difficult puzzle to solve. Blacks immobilized N on b7 is a
free animal compared to the N:s on a3 and b1.} 24. Ra2 Ra6 25. Qc1 Rba8 26. Nd2
Nh5 $1 {Black now starts an attack on the K-side. White's chances of bringing
any defenders over are slim.} 27. Qb2 Bg5 28. Nf1 Bxe3 29. fxe3 Qh4 30. Re2 Ng3
31. Nxg3 Qxg3 32. Kh1 Nd8 $1 {The N moves over to reinforce the black attack.
White is completely helpless.} 33. Bb1 Qh4 34. Qc1 f6 {The N will go to f7-g5
and then perhaps e4.} 0-1

[Event "Najdorf Memorial 11th"]
[Site "Buenos Aires"]
[Date "2000.09.24"]
[Round "7"]
[White "Polgar, Judit"]
[Black "Milos, Gilberto"]
[Result "1-0"]
[WhiteElo "2656"]
[BlackElo "2633"]
[Annotator "Wedberg,T"]
[PlyCount "65"]
[EventDate "2000.09.18"]
[EventType "tourn"]
[EventRounds "9"]
[EventCountry "ARG"]
[EventCategory "14"]
[SourceTitle "CBM 080"]
[Source "ChessBase"]
[SourceDate "2001.01.25"]
[SourceVersion "1"]
[SourceVersionDate "2001.01.25"]
[SourceQuality "1"]

1. e4 e5 2. Nf3 Nc6 3. Bb5 a6 4. Ba4 Nf6 5. O-O Be7 6. Re1 b5 7. Bb3 d6 8. c3
O-O 9. h3 Na5 10. Bc2 c5 11. d4 Bb7 12. Nbd2 cxd4 13. cxd4 exd4 14. Nxd4 Re8
15. b3 Bf8 16. Bb2 g6 17. Qf3 Bg7 18. Rad1 Rc8 19. Bb1 Nc6 $146 (19... b4 $5
20. Nf1 d5 21. e5 (21. exd5 Qxd5 22. Qxd5 Nxd5 $15 {0-1 Popovic,P-Romanishin,O/
Stara Pazova 1988/EXT 97 (35)}) 21... Ne4 22. Ng3 Rxe5 23. Ndf5 {was vey
unclear in 1-0 Velimirovic,D-Romanishin,O/Vrsac 1989/CBM 15 (68)}) (19... Qe7
20. Qe3 Nc6 21. Nf1 Nxd4 22. Bxd4 Qf8 23. f3 Nd5 24. Qf2 Nc3 25. Bxg7 Kxg7 26.
Rd3 Nxb1 27. Rxb1 Re6 28. Rbd1 $16 {1-0 Short,N-Thipsay,P/Torquay 1998/CBM 66
ext (65)}) (19... Nd7 20. Nf1 b4 21. Ne3 Qg5 22. Qe2 Qc5 23. Qd2 Rcd8 24. Rc1
Qb6 25. Ng4 Ne5 $13 {1/2-1/2 Sorokin,M-Ramesh,R/Sangli 2000/EXT 2001 (63)}) 20.
Nf1 Ne5 21. Qe3 Ned7 22. Qf4 d5 23. Ng3 Qc7 24. e5 $1 {[%mdl 16] A surprising
sacrifice of a P. The idea is to keep the Black pieces (especially Bb7)
blocked in by the d5-P and then to build play around the excellent blockading
N on d4.} Rxe5 25. Rxe5 Qxe5 26. Qd2 $5 {This is a bit speculative, but Judit
is confident in her attacking abilities.} ({Good for an advantage was} 26. Qxe5
Nxe5 (26... Nxe5 27. Ndf5) 27. Ndf5 $1 (27. Nxb5 Nf3+ 28. gxf3 axb5 $11) 27...
gxf5 28. Bxe5 $14) 26... Nh5 27. Nxh5 (27. Bf5 $5 Nxg3 28. Bxd7 Ne4 29. Nf5 $1
Qc7 30. Nh6+ Kh8 31. Nxf7+ Kg8 32. Nh6+ Kh8 $11) 27... Qxh5 28. Re1 Bh6 $6 {
Leaving the long diagonal creates new options for White. Black is already a P
to the good, so he could have chosen something less provocative.} (28... Nc5 $5
) 29. f4 Qh4 30. Bf5 $3 {[%mdl 512] A beautiful move by the bold Judit - or
the other way around.} (30. Rf1 Nc5 (30... Re8 31. Qc3 Bg7 32. Qc7 Bc8 33. Qc6
$13) 31. Ne2 Ne6 $17) 30... Qd8 (30... Bxf4 31. Qe2 Qd8 32. Rf1 $1 Bg5 (32...
Bd6 33. Be6 $18) 33. Be6 Nf6 34. Bxc8 Bxc8 35. Qe5 $16) (30... gxf5 31. Nxf5
Bxf4 32. Qe2 Qd8 33. Ne7+ Kf8 34. Qg4 Be5 35. Bxe5 Nxe5 36. Rxe5 $18) 31. Qe3
Rb8 $4 {Losing on the spot.} (31... Qc7 32. Nxb5 axb5 33. Bxd7 Qxd7 34. Qe5 f6
35. Qxf6 Bg7 36. Qxg7+ Qxg7 37. Bxg7 Kxg7 38. Re7+ Kf6 39. Rxb7 $18) (31... b4
$142 {creating the possibility Rc3}) ({or} 31... Ra8 {to keep the R out of
harms way.}) 32. Bxd7 Qxd7 33. Qe5 {[%cal Ye5b8,Yb2h8]} 1-0

[Event "World Women-ch"]
[Site "Kazan/Shenyang"]
[Date "1999.07.03"]
[Round "5"]
[White "Galliamova, Alisa"]
[Black "Xie, Jun"]
[Result "0-1"]
[WhiteElo "2556"]
[BlackElo "2528"]
[Annotator "Wedberg,T"]
[PlyCount "120"]
[EventDate "1999.07.05"]
[EventType "match"]
[EventRounds "16"]
[EventCountry "RUS"]
[SourceTitle "CBM 073"]
[Source "ChessBase"]
[SourceDate "1999.12.01"]
[SourceVersion "1"]
[SourceVersionDate "1999.12.01"]
[SourceQuality "1"]

1. e4 {Hansen,Cu} e5 2. Nf3 Nc6 3. Bb5 a6 4. Ba4 Nf6 5. O-O Be7 6. Re1 b5 7.
Bb3 d6 8. c3 O-O 9. h3 Na5 10. Bc2 c5 11. d4 Bb7 12. d5 Nc4 13. b3 Nb6 14. a4
Bc8 15. Na3 Ne8 $146 {Black prepares to defend b5 with Nc7. At the same time
the thrust f5 becomes possible.} (15... Bd7 16. Be3 Qb8 (16... Qc7 17. Nd2 g6
18. axb5 axb5 19. Bd3 Rfb8 20. Qe2 b4 21. cxb4 cxb4 22. Nc2 Rxa1 23. Rxa1 Nc8
24. Nc4 $14 {>< b4; Xie Jun - Maric,A/Erevan OL/1996/}) 17. Kh1 g6 18. a5 Nc8
19. b4 c4 {the blocked Q-side makes it more difficult for both sides to win. 1/
2-1/2 Lanka,Z-Romanishin,O/Linz 1997/CBM 59/[Hansen,LB] (115)}) 16. Bd2 Bd7 17.
axb5 axb5 18. Qe2 Nc7 19. Bd3 Rb8 20. Nc2 Kh8 21. Ne3 Ra8 22. c4 b4 {In this
positon White commands more space, so he should be better. On the other hand
Black is better positioned to break on the K-side with f5. One of the new
principles formulated by the hypermoderns in the beginning of the 20´s was
that it´s not how cramped your position is that counts, but the possiblities
to open the position to your advantage.} 23. Nf5 $1 {before Black goes g6.} Nc8
24. Nxe7 {'?' Hansen,Cu. Hansen,Cu: 'In my opinion this is a positional
mistake. The Be7 did not exactly have a bright future with black Ps on b4,c5,
d6 and e5. Whereas Nf5 was whites strongest minor-piece. After the textmove
black even gets Nc8 to the K-side by gain of tempo. And even more. Blacks
somewhat cramped position is relieved because Be7 was somewhat "in the way".  
I am pretty sure the reason for Galliamovas move Nxe7 should be sought in the
3. matchgame Kasparov-Short London 1993. In that game white won quite easily
by exchanging his K-N for blacks blacksquared B. With the big difference
however that the queenside was not completely closed like in this game.'} (24.
g4 $5 {Hansen,Cu}) (24. Rxa8 {Hansen,Cu} Nxa8 25. g4 $5 $14) 24... Nxe7 $14 {
N:s are better than B:s in closed positions, but this game will open up (f4 by
White and/or f5 by Black). Also the N:s don´t have any strong squares to work
from.} 25. Kh2 Ng6 26. g3 h6 27. Kg2 Kg8 28. Nh2 Qc8 29. h4 f5 {'<=>' Hansen,
Cu. White has weakened his K-side, so Black hurries to open the game. Hansen,
Cu: 'black has reasonable counterplay and does not stand worse'} 30. Rxa8 Nxa8
31. exf5 Bxf5 32. h5 Ne7 33. f4 $1 {White correctly opens the game even more.
Black´s Na8 is out of play, so right now White is a piece up on the K-side.}
Nb6 34. fxe5 dxe5 35. g4 {White is better, it´s just a matter of how to
proceed.} (35. Bxf5 $1 Qxf5 (35... Nxf5 36. Qxe5 Nd4 37. Bxb4 Nd7 38. Qe4 Nf6
39. Qd3 Nxh5 40. Bc3 Nf5 41. Be5 $16) 36. Bc1 $1 Nd7 37. g4 Qf6 38. Nf3 $16)
35... Bxd3 36. Qxd3 Nd7 37. Qg3 $6 (37. Bc1 Qa6 38. Nf3 $16) 37... Qa6 $1 {
[%mdl 384] The counterplay on the a-file is very disturbing for White.} 38. Be3
Qa2+ 39. Bf2 Nc8 $1 40. Re3 $2 (40. Nf3 {Last chance for counter play.} Qxb3
41. Nxe5 Qxg3+ 42. Kxg3 Ncb6 $11) 40... Nd6 41. Kg1 (41. Nf3 Nf6 42. Qxe5 Re8 (
42... Qxf2+ 43. Kxf2 Nxg4+ 44. Ke2 $14) 43. Qxd6 Rxe3 44. Qxc5 Re8 $17) 41...
Qb1+ 42. Be1 Ne4 43. Qg2 Ng5 44. d6 e4 $1 45. Qd2 Kh8 46. Kh1 Ne5 $19 47. d7
Nd3 48. Qg2 Qa1 (48... Nxe1 $2 49. Qg1 $13) 49. Qg1 Qd4 50. Bh4 Qxd7 51. Bxg5
hxg5 52. Re2 Qd4 53. Nf1 Rf2 54. Rxf2 Nxf2+ 55. Kg2 Nxg4 56. Qxd4 cxd4 57. c5
Ne5 58. Nd2 e3 59. Nf3 d3 60. Nxe5 d2 0-1